Подробности
| 000 -МАРКЕР |
| контрольное поле |
01794nam0a22003491 4500 |
| 001 - ИДЕНТИФИКАТОР ЗАПИСИ |
| контрольное поле |
RU\INFOCOMM_322\NLR\5000181111 |
| 005 - ИДЕНТИФИКАТОР ВЕРСИИ |
| контрольное поле |
20260407071246.0 |
| 010 ## - МЕЖДУНАРОДНЫЙ СТАНДАРТНЫЙ НОМЕР КНИГИ (ISBN) |
| Тираж |
10100 экз. |
| Номер (ISBN) |
5-05-002312-2 |
| 035 ## - ДРУГИЕ СИСТЕМНЫЕ НОМЕРА |
| Идентификатор записи |
(NLR Aleph) 009571501 |
| 100 ## - ДАННЫЕ ОБЩЕЙ ОБРАБОТКИ |
| Данные общей обработки |
20130215d1989 |||y0rusy50 ca |
| 101 1# - ЯЗЫК РЕСУРСА |
| Язык текста, звукозаписи и т.д. |
словацкий |
| 102 ## - СТРАНА ПУБЛИКАЦИИ ИЛИ ПРОИЗВОДСТВА |
| Страна публикации |
российская федерация |
| 105 ## - ПОЛЕ КОДИРОВАННЫХ ДАННЫХ: ТЕКСТОВЫЕ МАТЕРИАЛЫ, МОНОГРАФИЧЕСКИЕ |
| Кодированные данные о монографическом текстовом документе |
y z ||||| |
| 200 1# - ЗАГЛАВИЕ И СВЕДЕНИЯ ОБ ОТВЕТСТВЕННОСТИ |
| Основное заглавие |
Dietky v klietke |
| Первые сведения об ответственности |
Samuil Maršak |
| Последующие сведения об ответственности |
[Il. Jevenij Čarušin |
| -- |
Prel. L'ubomir Feldek] |
| 210 ## - ПУБЛИКАЦИЯ, РАСПРОСТРАНЕНИЕ И ДР. |
| Место издания, распространения и т.д. |
M. |
| Имя издателя, распространителя и т. д. |
Raduga |
| Дата издания, распространения и т.д. |
1989 |
| 215 ## - ФИЗИЧЕСКАЯ ХАРАКТЕРИСТИКА |
| Специфическое обозначение материала и объем |
49 с. |
| Другие сведения о физической характеристике |
цв. ил. |
| Размеры |
29 см |
| 300 ## - ОБЩИЕ ПРИМЕЧАНИЯ |
| Текст примечания |
Загл. пер.: Zvieratká |
| 300 ## - ОБЩИЕ ПРИМЕЧАНИЯ |
| Текст примечания |
На обороте тит. л.: Детки в клетке / С. Маршак. Медвежонок-невежа / А. Барто. Раз, два, три ... / А. Лаптев |
| 300 ## - ОБЩИЕ ПРИМЕЧАНИЯ |
| Текст примечания |
На пер. авт. не указан |
| 423 #0 - ИЗДАЕТСЯ В ОДНОЙ ОБЛОЖКЕ ВМЕСТЕ С ... |
| Встроенное поле |
2001#$aNeslušny medvedík$fAgnija Bartová$g[Il. Vladimir Sutejev$gPrel. Viera Hegerová] |
| -- |
700#1$9z01790$aBarto$bA. L.$gAgnija L'vovna$f1906-1981$4070 |
| -- |
790#1$9z01700$aBartová$bA.$gAgnija$4070 |
| Заглавие |
Neslušny medvedík |
| Автор |
Barto, Agnija L'vovna (1906-1981) |
| 423 #0 - ИЗДАЕТСЯ В ОДНОЙ ОБЛОЖКЕ ВМЕСТЕ С ... |
| Встроенное поле |
2001#$aRaz, dva, tri ...$fAlexej Laptev$g[Il. aut.$gPrel. L'ubomír Feldek] |
| -- |
700#1$9z01790$aLaptev$bA. M.$gAleksej Michajlovič$f1905-1965$4070 |
| -- |
790#1$9z01700$aLaptev$bA.$gAlexej$4070 |
| Заглавие |
Raz, dva, tri ... |
| Автор |
Laptev, Aleksej Michajlovič (1905-1965) |
| 513 1# - ЗАГЛАВИЕ НА ДОПОЛНИТЕЛЬНОМ ТИТУЛЬНОМ ЛИСТЕ |
| Заглавие на дополнительном титульном листе |
Zvieratká |
| 620 ## - МЕСТО И ДАТА ПУБЛИКАЦИИ, ИСПОЛНЕНИЯ И Т. Д. |
| Страна |
Москва |
| 686 ## - ИНДЕКСЫ ДРУГИХ КЛАССИФИКАЦИЙ |
| Индекс |
Дл690-700 |
| Код системы |
|
| 700 #1 - ИМЯ ЛИЦА - ПЕРВИЧНАЯ ОТВЕТСТВЕННОСТЬ |
| Графика поля |
Латинская |
| Материалы, к которым относится поле |
rus |
| Начальный элемент ввода |
Maršak |
| Часть имени, кроме начального элемента ввода |
S. J. |
| Даты |
1887-1964 |
| Расширение инициалов личного имени |
Samuil Jakovlevič |
| Идентификатор авторитетной/нормативной записи |
RU\NLR\AUTH\770278106 |
| Системный номер авторитетной/нормативной записи |
2650073 |
| 790 #1 - ИМЯ ЛИЦА - АЛЬТЕРНАТИВНАЯ ФОРМА |
| Код отношения |
Автор |
| Графика поля |
Латинская |
| Материалы, к которым относится поле |
rus |
| Начальный элемент ввода |
Maršak |
| Часть имени, кроме начального элемента ввода |
S. J. |
| Даты |
1887-1964 |
| Расширение инициалов личного имени |
Samuil Jakovlevič |
| Идентификатор авторитетной/нормативной записи |
RU\NLR\AUTH\770278106 |
| Системный номер авторитетной/нормативной записи |
2650073 |
| 801 #1 - ИСТОЧНИК ЗАПИСИ |
| Страна |
российская федерация |
| Организация |
Infocomm |
| Дата составления |
20130215 |
| 801 #0 - ИСТОЧНИК ЗАПИСИ |
| Страна |
российская федерация |
| Организация |
INFOCOMM |
| Правила каталогизации |
PSBO |
| 852 ## - МЕСТОНАХОЖДЕНИЕ И ШИФР ХРАНЕНИЯ |
| Идентификатор организации |
NLR |
| Шифр хранения (Call Number) |
Сл Слов-4/1470 |
| 942 ## - ДОПОЛНИТЕЛЬНЫЕ ЭЛЕМЕНТЫ ЗАПИСИ (АБИС) |
| Тип экземпляра АБИС |
Книга |
| 980 ## - КОЛЛЕКЦИЯ |
| Название коллекции |
Национальная библиография |